000 00820nam a22002537a 4500
999 _c15567
_d15567
003 MIRAKIL
005 20240305150359.0
008 240305b tu ||||| |||| 00| 0 tur d
020 _a9786053443247
040 _aTR-AnCHP
_cTR-AnCHP
041 _atur
082 _a362.5
_bH21b 2015
090 _a362.5 H21b 2015
100 _aHalisçelik, Ergül
245 1 0 _aBinyıl kalkınma hedefleri ve yoksul odaklı büyüme /
_cErgül Halisçelik.
246 _aYoksul odaklı büyüme
260 _aAnkara :
_bGazi Kitabevi,
_c2015
300 _axxxi, 451 s. :
_bgrf., hrt., tbl. ;
_c24 cm.
504 _aKaynakça: 221-233. ss.
650 0 _95840
_aEkonomik kalkınma
650 0 _9983
_aYoksulluk
856 _zDijital Nüshası için Partimizin Kütüphane Sorumlusu ile iletişime geçiniz.
942 _2ddc
_cBKS